000 01033aam a2200313 i 4500
001 768714001
003 CO-MdFUSB
005 20230131102730.0
007 ta
008 230131t2003 -usaco|| |||| 00| 0 eng d
020 _a1903689112
040 _bspa.
_aCO-MdFUSB
_cCO-MdFUSB
_dCO-MdFUSBC
_erda
041 _aeng
082 0 4 _a700
_223
_bR7774
245 1 0 _aOur calling and God's hand in history
_c/ editado por Marleen Hengelaar-Rookmaaker
264 1 _aCarlisle, United Kingdom :
_bPiquant,
_c[2003]
264 4 _c© 2003
300 _a404 páginas
_c; 24 cm
336 _2rdacontent
_atexto
_btxt
337 _2rdamedia
_asin mediación
_bn
338 _2rdacarrier
_avolumen
_bnc
505 _aLa mano de Dios en la historia. -- Artículos y revistas. -- Las conferencias L´Abri. -- Hans Rookmajer: una vida abierta.
563 _aPasta dura
650 7 _aArte y religión
_2embne
_96946
700 _95610
_aHengelaar-Rookmaaker, Marleen ‎
_eeditor
942 _cBK
945 _aJTF-925
999 _c31923
_d31923